Rozvojová spolupráca krajín Európskej únie s krajinami Afriky bakalárska práca

Salvato in:
Dettagli Bibliografici
Autore principale: Tokárová, Tatiana
Ente Autore: Fakulta medzinárodných vzťahov EU. Katedra medzinárodných ekonomických vzťahov a hospodárskej diplomacie
Altri autori: Zagoršeková, Natália, 1991-
Natura: Libro
Lingua:slovacco
Pubblicazione: Bratislava 2024
Tags: Aggiungi Tag
Nessun Tag, puoi essere il primo ad aggiungerne!!

MARC

LEADER 00000nbm a2200000 4500
001 0301751
005 20250908112935.7
041 0 |a slo 
044 |a SK 
245 1 0 |a Rozvojová spolupráca krajín Európskej únie s krajinami Afriky  |b bakalárska práca  |c Tatiana Tokárová ; školiteľ: Natália Zagoršeková 
264 1 |a Bratislava  |c 2024 
300 |a 42 s. 
100 1 |a Tokárová, Tatiana 
700 1 |a Zagoršeková, Natália, 1991- 
710 2 |a Fakulta medzinárodných vzťahov EU. Katedra medzinárodných ekonomických vzťahov a hospodárskej diplomacie